Statistics for Players With 4+ English Premier League Titles

Click here to take the quiz!

General Stats

  • This quiz has been taken 40 times
  • The average score is 29 of 46

Answer Stats

Seasons#PlayerClub(s)Nationality% Correct
1992/93, 1993/94, 1995/96, 1996/97, 1998/99, 1999/00, 2000/01, 2002/03, 2006/07, 2007/08, 2008/09, 2010/11, 2012/1313Ryan Giggs
92%
1995/96, 1996/97, 1998/99, 1999/00, 2000/01, 2002/03, 2006/07, 2007/08, 2008/09, 2010/11, 2012/1311Paul Scholes
89%
1993/94, 1995/96, 1996/97, 1998/99, 1999/00, 2000/01, 2002/037Roy Keane
86%
2015/16, 2018/19, 2020/21, 2021/22, 2022/235Riyad Mahrez
83%
2017/18, 2018/19, 2020/21, 2021/22, 2022/235Kevin De Bruyne
81%
1995/96, 1996/97, 1998/99, 1999/00, 2000/01, 2002/036David Beckham
78%
2011/12, 2013/14, 2017/18, 2018/19, 2020/215Sergio Agüero
78%
2017/18, 2018/19, 2020/21, 2021/22, 2022/235Bernardo Silva
75%
2011/12, 2013/14, 2017/18, 2018/194David Silva
75%
1995/96, 1996/97, 1998/99, 1999/00, 2000/01, 2002/03, 2006/07, 2008/098Gary Neville
75%
2017/18, 2018/19, 2020/21, 2021/22, 2022/235İlkay Gündoğan
75%
2006/07, 2007/08, 2008/09, 2010/114Park Ji-sung
75%
1995/96, 1996/97, 1998/99, 1999/00, 2000/01, 2002/036Phil Neville
75%
2002/03, 2006/07, 2007/08, 2008/09, 2010/11, 2012/136Rio Ferdinand
75%
2017/18, 2018/19, 2020/21, 2021/22, 2022/235Ederson
72%
1996/97, 1998/99, 1999/00, 2000/01, 2002/03, 2006/076Ole Gunnar Solskjær
72%
2006/07, 2007/08, 2008/09, 2010/11, 2012/135Wayne Rooney
72%
2013/14, 2017/18, 2018/19, 2020/21, 2021/225Fernandinho
69%
2006/07, 2007/08, 2008/09, 2010/11, 2012/135Nemanja Vidić
69%
2017/18, 2018/19, 2020/21, 2021/224Oleksandr Zinchenko
69%
2011/12, 2013/14, 2017/18, 2018/194Vincent Kompany
69%
2017/18, 2018/19, 2020/21, 2021/22, 2022/235John Stones
67%
2017/18, 2018/19, 2020/21, 2021/22, 2022/235Kyle Walker
67%
2004/05, 2005/06, 2009/10, 2014/154Petr Čech
67%
2017/18, 2018/19, 2020/21, 2021/224Raheem Sterling
67%
1995/96, 1996/97, 1998/99, 1999/00, 2000/015Andy Cole
61%
2017/18, 2018/19, 2020/21, 2021/224Gabriel Jesus
61%
2006/07, 2007/08, 2008/09, 2010/11, 2012/135Patrice Evra
61%
1992/93, 1993/94, 1995/96, 1996/97, 1998/995Peter Schmeichel
61%
2006/07, 2007/08, 2008/09, 2010/11, 2012/135Darren Fletcher
58%
1992/93, 1993/94, 1995/96, 1996/974Eric Cantona
58%
2004/05, 2005/06, 2009/10, 2014/15, 2016/175John Terry
58%
2017/18, 2018/19, 2020/21, 2021/22, 2022/235Phil Foden
58%
2017/18, 2018/19, 2020/21, 2021/22, 2022/235Aymeric Laporte
53%
2004/05, 2005/06, 2009/10, 2014/154Didier Drogba
53%
2006/07, 2007/08, 2008/09, 2010/114Edwin van der Sar
53%
2007/08, 2008/09, 2010/11, 2012/134Nani
53%
2006/07, 2007/08, 2008/09, 2010/11, 2012/135Michael Carrick
47%
1992/93, 1993/94, 1995/96, 1996/97, 1998/99, 1999/00, 2000/017Denis Irwin
44%
2002/03, 2006/07, 2007/08, 2008/09, 2010/115John O'Shea
44%
2007/08, 2008/09, 2010/11, 2012/134Anderson
42%
1998/99, 2000/01, 2002/03, 2006/07, 2007/085Wes Brown
39%
1995/96, 1996/97, 1998/99, 1999/00, 2000/01, 2002/036Nicky Butt
36%
1992/93, 1993/94, 1995/96, 1996/974Gary Pallister
22%
1999/00, 2000/01, 2002/03, 2006/074Mikaël Silvestre
19%
1992/93, 1993/94, 1995/96, 1996/974Brian McClair
11%

Score Distribution

Percentile by Number Answered

Percent of People with Each Score

Your Score History

You have not taken this quiz